000 00325nam a2200157Ia 4500
100 _aSekkilar/S.M
650 _aEngineering Graphics
942 _cBK
366 _f25
654 _aengineering graphics
245 _aEngineering Graphics
260 _bNarosa
_c2018
082 _bSEK
546 _aENGLISH
999 _c27267
_d27267